A time to kill

Bibliographic Details
Main Author: Grisham, John , 1955- (Author)
Format: Book
Language:English
Published: New York : Dell Book , c2009
Subjects:

MARC

LEADER 00000cam a2200000 7i4500
001 0000065166
005 20170312093000.0
008 091207s2009 nyu eng
020 |a 0440245915 (pbk.) 
020 |a 9780440245919 (pbk.) 
090 0 0 |a PS3557.R5355   |b T56 2009 
100 1 |a Grisham, John ,   |d 1955- ,   |e author 
245 1 2 |a A time to kill   |c John Grisham 
260 |a New York :   |b Dell Book ,   |c c2009 
300 |a xi, 660 p. ;   |c 19 cm. 
500 |a A Southern town is shocked when a 10-year-old black girl is raped by two white men--until the girl's father takes the law into his own hands 
504 |a Includes bibliographical references and index 
650 0 |a Murder   |z Mississippi   |x Fiction 
650 0 |a Trials (Murder)   |z Mississippi   |x Fiction 
651 0 |a Clinton (Miss.)   |x Fiction 
999 |a 1000129762   |b Book   |c OPEN SHELF (30 DAYS)   |e Gong Badak Campus